Llama que arde

Salvato in:
Dettagli Bibliografici
Autore principale: Suárez-Guanes, Javier
Natura: Libro
Lingua:Undetermined
Pubblicazione: San José, Costa Rica Ediciones Promesa 2000
Soggetti:
Tags: Aggiungi Tag
Nessun Tag, puoi essere il primo ad aggiungerne!!

MARC

LEADER 00000nam a2200000Ia 4500
008 170316s9999 xx 000 0 und d
040 |a cru BVZT 
090 |a 860 S-40L 
100 |a Suárez-Guanes, Javier 
245 |a Llama que arde 
260 |a San José, Costa Rica 
260 |b Ediciones Promesa 
260 |c 2000 
300 |a 59 páginas 
650 |a LITERATURA LATINOAMERICANA 
650 |a POESÍA GUATEMALTECA 
999 |c 9255  |d 9255 
942 |c 15 D  |h 860 S-40L  |2 z